[Event "FIDE Women's World Teams"]
[Site "Mardin TUR"]
[Date "2011.12.24"]
[Round "6"]
[Board "15"]
[White "Cemhan, Kardelen"]
[Black "Nguyen, Thi Thanh An"]
[Result "1/2-1/2"]
[BlackTitle "WGM"]
[WhiteElo "1881"]
[BlackElo "2300"]
[WhiteTeam "Turkey"]
[BlackTeam "Vietnam"]
[WhiteFideId "6325670"]
[BlackFideId "12400300"]
[EventDate "2011.12.18"]

1. e4 e6 2. d4 d5 3. Nd2 dxe4 4. Nxe4 Nd7 5. Nf3 Ngf6 6. Nxf6+ Nxf6 7. Bd3 c5 8.
O-O cxd4 9. Nxd4 Be7 10. c3 O-O 11. Bf4 Nd5 12. Bg3 a6 13. Qc2 h6 14. Rad1 Qa5
15. h3 Bd7 16. Qb1 Rfd8 17. Nb3 Qb6 18. Nd2 Be8 19. Nc4 Qc5 20. Ne5 Nf6 21. Rfe1
Nh5 22. Bh2 Bg5 23. Re4 Bb5 24. Bxb5 Qxb5 25. Rb4 Qc5 26. Rxb7 Bf4 27. Nxf7
Rxd1+ 28. Qxd1 Rf8 29. Bxf4 Nxf4 30. Qd7 Kh7 31. Qd2 Qc6 32. Qc2+ Kg8 33. Nxh6+
Kh8 34. Qd2 Kh7 35. Qc2+ Kh8 36. Nf7+ Kg8 37. Nh6+ Kh8 38. Nf7+ Kg8 39. Nh6+ 1/2-1/2

[Event "FIDE Women's World Teams"]
[Site "Mardin TUR"]
[Date "2011.12.24"]
[Round "6"]
[Board "16"]
[White "Hoang, Thi Nhu Y"]
[Black "Kaplan, Ebru"]
[Result "1-0"]
[WhiteTitle "WIM"]
[WhiteElo "2218"]
[BlackElo "1849"]
[WhiteTeam "Vietnam"]
[BlackTeam "Turkey"]
[WhiteFideId "12401455"]
[BlackFideId "6315194"]
[EventDate "2011.12.18"]

1. c4 Nf6 2. Nc3 Ng8 3. Nb1 Nf6 4. Nc3 e6 5. e4 c5 6. Nf3 Nc6 7. Be2 d5 8. exd5
exd5 9. cxd5 Nxd5 10. O-O Be7 11. d4 O-O 12. Nxd5 Qxd5 13. dxc5 Qxd1 14. Rxd1
Bxc5 15. Bf4 Bg4 16. h3 Rfe8 17. Kf1 Be6 18. Ng5 Bd4 19. Nxe6 Rxe6 20. Rd2 Rae8
21. Rad1 Bf6 22. Be3 a6 23. Bg4 Re4 24. Bd7 Ra8 25. b3 h6 26. Rc1 Ne7 27. a4 Bg5
28. Bxg5 hxg5 29. Rc5 Rb4 30. Rd3 Ng6 31. Rd2 Ne7 32. Rd3 Ng6 33. g3 f6 34. Be6+
Kh7 35. Rd7 Ne5 36. Rdc7 Rd8 37. Rd7 Ra8 38. Rdc7 Rd8 39. Rd5 Rxd5 40. Bxd5 b6
41. Ke2 Rd4 42. Bg2 Rb4 43. Bd5 Rd4 44. Kf1 Rb4 45. Ke2 Rd4 46. Bg2 Rb4 47. Bd5
Rd4 48. Bb7 a5 49. Rc3 Nd7 50. Ke3 Rb4 51. Be4+ Kg8 52. Bd5+ Kh7 53. Bc4 Ne5 54.
Be2 Nd7 55. Bd3+ Kg8 56. f4 gxf4+ 57. gxf4 Nc5 58. Bc4+ Kh7 59. Kd4 Kg6 60. Kd5
Kh5 61. Re3 Kh4 62. Kd4 g5 63. fxg5 fxg5 64. Kc3 g4 65. hxg4 Kxg4 66. Re5 Nxa4+
67. bxa4 Rxa4 68. Re6 Rb4 69. Bd3 Kf4 70. Bc2 Rb5 71. Rf6+ Kg5 72. Rf2 Rb4 73.
Bd3 Rf4 74. Rb2 Rb4 75. Re2 Kf6 76. Bc4 Kf5 77. Rh2 Kg5 78. Rf2 Kg6 79. Bd5 Kg7
80. Kd3 Kg6 81. Ke3 Kg5 82. Be4 Rb3+ 83. Kd4 Rb4+ 84. Ke5 Rb5+ 85. Bd5 Kg4 86.
Rg2+ Kh3 87. Rg5 Kh4 88. Rg8 Kh5 89. Ke4 Kh6 90. Rg1 Kh5 91. Be6 Kh6 92. Bf5 Kh5
93. Kf4 Rb4+ 94. Be4 Kh6 95. Kf5 Rb5+ 96. Kf6 Kh5 97. Bf5 Kh4 98. Rg4+ Kh5 99.
Rd4 Rc5 100. Bg6+ Kh6 101. Rh4+ 1-0

[Event "FIDE Women's World Teams"]
[Site "Mardin TUR"]
[Date "2011.12.24"]
[Round "6"]
[Board "19"]
[White "Frick, Denise"]
[Black "Galojan, Lilit"]
[Result "0-1"]
[WhiteTitle "WIM"]
[BlackTitle "IM"]
[WhiteElo "1916"]
[BlackElo "2383"]
[WhiteTeam "South Africa"]
[BlackTeam "Armenia"]
[WhiteFideId "14300818"]
[BlackFideId "13301314"]
[EventDate "2011.12.18"]

1. e4 e5 2. Nf3 Nc6 3. Bb5 Nge7 4. Nc3 g6 5. d4 exd4 6. Nd5 Bg7 7. Bg5 h6 8. Bf6
Bxf6 9. Nxf6+ Kf8 10. Nxd4 Nf5 11. Nh7+ Rxh7 12. exf5 gxf5 13. Nxf5 d6 14. Ne3
Be6 15. Bxc6 bxc6 16. Qf3 Rb8 17. b3 c5 18. Rd1 Rg7 19. h3 Qh4 20. Qc6 Rc8 21.
Ke2 Rg6 22. g3 Qh5+ 23. g4 Qe5 24. f3 Re8 25. Qe4 Qb2 26. Qd3 Bxg4 27. hxg4 Rge6
28. Kf2 Rxe3 29. Qxe3 Rxe3 30. Kxe3 Qxc2 31. Rd2 Qc3+ 32. Rd3 Qe5+ 33. Kf2 Qb2+
34. Kg3 Qxa2 35. Rxh6 Qb1 36. Rc3 Qe1+ 0-1

[Event "FIDE Women's World Teams"]
[Site "Mardin TUR"]
[Date "2011.12.24"]
[Round "6"]
[Board "17"]
[White "Van Der Merwe, Cecile H."]
[Black "Danielian, Elina"]
[Result "0-1"]
[WhiteTitle "WIM"]
[BlackTitle "GM"]
[WhiteElo "2057"]
[BlackElo "2497"]
[WhiteTeam "South Africa"]
[BlackTeam "Armenia"]
[WhiteFideId "14300648"]
[BlackFideId "13300210"]
[EventDate "2011.12.18"]

1. e4 c6 2. d4 d5 3. e5 Bf5 4. h4 h6 5. g4 Bd7 6. h5 e6 7. f4 c5 8. c3 Qb6 9.
Nf3 Nc6 10. Kf2 Rc8 11. Kg3 a6 12. Rh2 Nge7 13. Be3 cxd4 14. cxd4 Na5 15. Qd2
Qc7 16. b3 Nec6 17. Qf2 Nb4 18. Na3 Be7 19. Rc1 Qxc1 20. Bxc1 Rxc1 21. Ne1 O-O
22. Nac2 Nxa2 23. Nd3 Nc3 24. Kf3 Ne4 25. Qg2 Rd1 26. Nce1 Nxb3 27. Qb2 Rb1 28.
Qxb1 Nbd2+ 29. Ke3 Nxb1 30. Rb2 Na3 31. Rxb7 Nc4+ 32. Ke2 Rd8 33. f5 exf5 34.
gxf5 Ng3+ 35. Kf2 Nxf1 36. Kxf1 Ne3+ 37. Kf2 Nxf5 0-1

[Event "FIDE Women's World Teams"]
[Site "Mardin TUR"]
[Date "2011.12.24"]
[Round "6"]
[Board "18"]
[White "Mkrtchian, Lilit"]
[Black "Solomons, Anzel"]
[Result "1-0"]
[WhiteTitle "IM"]
[BlackTitle "WIM"]
[WhiteElo "2469"]
[BlackElo "1926"]
[WhiteTeam "Armenia"]
[BlackTeam "South Africa"]
[WhiteFideId "13300601"]
[BlackFideId "14300800"]
[EventDate "2011.12.18"]

1. c4 e5 2. Nc3 Nf6 3. Nf3 Nc6 4. g3 d5 5. cxd5 Nxd5 6. Bg2 Nb6 7. O-O Be7 8. a3
Be6 9. d3 f6 10. b4 O-O 11. Ne4 Nd7 12. Qc2 a6 13. Rd1 Nd4 14. Nxd4 exd4 15. Bb2
f5 16. Nd2 c5 17. Bxb7 Rb8 18. Bxa6 cxb4 19. axb4 Rxb4 20. Bc4 Bxc4 21. Nxc4 Nf6
22. Ne5 Qd5 23. Nc6 Rb7 24. Nxe7+ 1-0

[Event "FIDE Women's World Teams"]
[Site "Mardin TUR"]
[Date "2011.12.24"]
[Round "6"]
[Board "20"]
[White "Kursova, Maria"]
[Black "Van Niekerk, Lauren"]
[Result "1-0"]
[WhiteTitle "WGM"]
[BlackTitle "WFM"]
[WhiteElo "2315"]
[BlackElo "1607"]
[WhiteTeam "Armenia"]
[BlackTeam "South Africa"]
[WhiteFideId "4129709"]
[BlackFideId "14305003"]
[EventDate "2011.12.18"]

1. d4 d5 2. Nf3 Nf6 3. c4 e6 4. Nc3 Be7 5. Bg5 h6 6. Bh4 O-O 7. e3 b6 8. Bd3 Bb7
9. O-O Nbd7 10. Qe2 c5 11. cxd5 Nxd5 12. Bg3 a6 13. Rfd1 b5 14. Nxd5 Bxd5 15. e4
Bb7 16. d5 exd5 17. exd5 Bf6 18. Rac1 Re8 19. Qd2 c4 20. Bb1 Rc8 21. b4 c3 22.
Qd3 Qb6 23. Qh7+ Kf8 24. Qd3 Kg8 25. Qh7+ Kf8 26. Qh8+ Ke7 27. Re1+ Be5 28. Qxg7
Kd8 29. Nxe5 Nxe5 30. Rxe5 Rxe5 31. Qxe5 Rc4 32. Bf5 f6 33. Qb8+ Ke7 34. Re1+
Kf7 35. Qe8+ Kg7 36. Re7# 1-0

[Event "FIDE Women's World Teams"]
[Site "Mardin TUR"]
[Date "2011.12.24"]
[Round "6"]
[Board "6"]
[White "Makropoulou, Marina"]
[Black "Ju, Wenjun"]
[Result "1/2-1/2"]
[WhiteTitle "WGM"]
[BlackTitle "WGM"]
[WhiteElo "2201"]
[BlackElo "2543"]
[WhiteTeam "Greece"]
[BlackTeam "China"]
[WhiteFideId "4200187"]
[BlackFideId "8603006"]
[EventDate "2011.12.18"]

1. e4 c5 2. Nf3 d6 3. d4 cxd4 4. Nxd4 Nf6 5. Nc3 a6 6. Be2 e5 7. Nb3 Be7 8. O-O
O-O 9. Re1 Be6 10. Bf3 a5 11. a4 Nc6 12. Nd5 Bxd5 13. exd5 Nb8 14. Qe2 Na6 15.
Bd2 b6 16. Nd4 exd4 17. Qxe7 Rc8 18. Qe2 Rxc2 19. Qd3 Rxb2 20. Qxd4 Rc2 21. Bg5
Nc5 22. Re3 Ncd7 23. Be4 Qc7 24. Bxc2 Qxc2 25. Bxf6 Nxf6 26. Rg3 Qf5 27. Qxb6
Qxd5 28. Qb2 Qe6 29. h3 h5 30. Rd1 d5 31. Qd4 Rc8 32. Re3 Qd7 33. Rg3 1/2-1/2

[Event "FIDE Women's World Teams"]
[Site "Mardin TUR"]
[Date "2011.12.24"]
[Round "6"]
[Board "9"]
[White "Koneru, Humpy"]
[Black "Kosintseva, Nadezhda"]
[Result "1/2-1/2"]
[WhiteTitle "GM"]
[BlackTitle "GM"]
[WhiteElo "2600"]
[BlackElo "2546"]
[WhiteTeam "India"]
[BlackTeam "Russia"]
[WhiteFideId "5008123"]
[BlackFideId "4134974"]
[EventDate "2011.12.18"]

1. d4 Nf6 2. c4 e6 3. Nf3 d5 4. Nc3 Bb4 5. cxd5 exd5 6. Bg5 h6 7. Bxf6 Qxf6 8.
Qb3 c5 9. e3 O-O 10. a3 Bxc3+ 11. Qxc3 Nd7 12. Be2 b6 13. O-O Bb7 14. b3 Rfc8
15. Rac1 a5 16. Bb5 Bc6 17. Bxc6 Qxc6 18. dxc5 bxc5 19. b4 axb4 20. axb4 Qb7 21.
bxc5 Rxc5 22. Qd4 Rxc1 23. Rxc1 Rc8 24. Rxc8+ Qxc8 25. h3 1/2-1/2

[Event "FIDE Women's World Teams"]
[Site "Mardin TUR"]
[Date "2011.12.24"]
[Round "6"]
[Board "10"]
[White "Kosintseva, Tatiana"]
[Black "Harika, Dronavalli"]
[Result "1/2-1/2"]
[WhiteTitle "GM"]
[BlackTitle "GM"]
[WhiteElo "2526"]
[BlackElo "2512"]
[WhiteTeam "Russia"]
[BlackTeam "India"]
[WhiteFideId "4133471"]
[BlackFideId "5015197"]
[EventDate "2011.12.18"]

1. e4 e5 2. Nf3 Nc6 3. Bb5 f5 4. d3 fxe4 5. dxe4 Nf6 6. O-O Bc5 7. Qd3 Nd4 8.
Nxd4 Bxd4 9. Nd2 a6 10. Ba4 Qe7 11. Nf3 Ba7 12. Nh4 g6 13. Bg5 b5 14. Bb3 Bb7
15. Rae1 Rf8 16. Kh1 O-O-O 17. a4 Qb4 18. Bd2 Qd4 19. Qxd4 Bxd4 20. c3 Bc5 21.
f3 d5 22. exd5 Bxd5 23. Bxd5 Rxd5 24. Bh6 Rf7 25. axb5 axb5 26. g3 Nd7 1/2-1/2